illicit affairs - Taylor Swift Lyrics - Statistics

General Stats
  • This quiz has been taken 13 times
  • The average score is 215 of 239
Answer Stats
Answer % Correct
a
100%
about
100%
affairs
100%
and
100%
at
100%
baby
100%
call
100%
can
100%
can't
100%
colors
100%
damn
100%
don't
100%
for
100%
I
100%
illicit
100%
kid
100%
know
100%
lie
100%
little
100%
look
100%
made
100%
Make
100%
me
100%
meetings
100%
mess
100%
million
100%
myself
100%
no
100%
on
100%
one
100%
see
100%
show
100%
showed
100%
single
100%
stares
100%
sure
100%
that
100%
that's
100%
the
100%
they
100%
thing
100%
this
100%
time
100%
times
100%
well
100%
would
100%
you
100%
anyone
88%
be
88%
drug
88%
else
88%
even
88%
exist
88%
few
88%
first
88%
flushed
88%
fool
88%
friends
88%
him
88%
hood
88%
hundred
88%
idiotic
88%
in
88%
just
88%
language
88%
leave
88%
lots
88%
nobody
88%
only
88%
out
88%
parking
88%
picked
88%
return
88%
ruin
88%
run
88%
secret
88%
sees
88%
shelf
88%
speak
88%
taught
88%
tell
88%
trace
88%
truth
88%
what
88%
when
88%
with
88%
words
88%
worked
88%
you'll
88%
your
88%
you're
88%
always
75%
beautiful
75%
behind
75%
but
75%
clandestine
75%
down
75%
eyes
75%
godforsaken
75%
head
75%
high
75%
keep
75%
longing
75%
over
75%
perfume
75%
scream
75%
so
75%
started
75%
take
75%
wanna
75%
yourself
75%
are
63%
by
63%
ends
63%
less
63%
like
63%
mercurial
63%
road
63%
rooms
63%
stolen
63%
stop
63%
their
63%
dies
50%
dwindling
50%
it
50%
it's
50%
born
38%
from
38%
glance
38%
traveled
38%
kist
0%
No matching quizzes found
Score Distribution
Percent of People with Each Score
Percentile by Number Answered
Your Score History
You have not taken this quiz